000 00807nam a2200265Ia 4500
003 OSt
005 20220918170238.0
006 a|||||r|||| 00| 0
007 ta
008 220917b |||||||| |||| 00| 0 eng d
020 _a978 93 8101780 7 (hbk)
_c695
024 _a271,544
037 _b425, 08/07/2013, Research India Press
_cTextual
040 _aARTS
_cARTS
_beng
041 _2eng
_aeng
082 _aY15.49G, Q2
100 _aLoomba Ania Ed.
_927889
245 0 _aSouth Asian feminisms
260 _aNew Delhi
_bZubaan India
_c2012
300 _avii, 422p.
_ccm.
650 _aSOCIOLOGY
700 _a Lukose Ritty A. Ed.
_927890
942 _hY15.49G, Q2
_cTEXL
_2CC
999 _c133249
_d133249